| Tag |
First Indicator |
Second Indicator |
Subfields |
| LEADER |
00000cam a2200000 4500 |
| 001 |
in00000227913 |
| 005 |
20151009081742.0 |
| 008 |
790822s1966 bl ab 00010 por d |
| 010 |
|
|
|a 67071980
|
| 035 |
|
|
|a (OCoLC)05297576
|
| 035 |
|
|
|9 AAZ7139AM
|
| 040 |
|
|
|a TXA
|c TXA
|d UtOrBLW
|
| 049 |
|
|
|a TXAM
|c [1201827]
|
| 090 |
|
|
|a F2515
|b .R44
|
| 130 |
0 |
|
|a Revista brasileira de geografia.
|
| 245 |
1 |
0 |
|a Tipos e aspectos do Brasil ;
|b excertos da Revista brasileira de geografia /
|c Illustracoes de Percy Lau.
|
| 250 |
|
|
|a 8. ed., aumentada.
|
| 264 |
|
1 |
|a Rio de Janeiro :
|b IBGE, Conselho Nacional de Geografia,
|c 1966.
|
| 300 |
|
|
|a xx, 491 pages :
|b illustrations, maps.
|
| 336 |
|
|
|a text
|b txt
|2 rdacontent
|
| 337 |
|
|
|a unmediated
|b n
|2 rdamedia
|
| 338 |
|
|
|a volume
|b nc
|2 rdacarrier
|
| 651 |
|
0 |
|a Brazil
|x Description and travel.
|
| 651 |
|
0 |
|a Brazil
|x Social life and customs.
|
| 710 |
2 |
|
|a Conselho Nacional de Geografia (Brazil)
|
| 999 |
|
|
|a MARS
|
| 999 |
f |
f |
|s cc53bcda-20f2-3203-99bb-49031b937afe
|i 846b7415-425c-3001-9616-69f49858e789
|t 0
|
| 952 |
f |
f |
|p ric
|a Texas A&M University
|b Rellis Campus
|c Joint Library Facility
|d Remote Storage
|t 0
|e F2515 .R44
|h Library of Congress classification
|i unmediated -- volume
|m A14802367609
|
| 998 |
f |
f |
|a F2515 .R44
|t 0
|l Remote Storage
|